000
00331nam a2200145Ia 4500
008
150301s2014 xx 000 0 und d
082
_a
617.7
_b
B14J
100
_a
JOGI, RENU
245
_a
BASIC OPHTHALMOLOGY
250
_a
4TH
260
_b
JAYPEE
_a
DELHI
_c
2014
300
_a
502
650
_a
OPHTHALMOLOGY
942
_2
ddc
_c
BK
_0
15
999
_c
6606
_d
6606